Разработка контента корпоративного сайта кафедры; Молодежь и современные информационные технологии; Т. 2

Bibliografiske detaljer
Parent link:Молодежь и современные информационные технологии: сборник трудов XII Всероссийской научно-практической конференции студентов, аспирантов и молодых ученых, г. Томск, 12-14 ноября 2014 г./ Национальный исследовательский Томский политехнический университет (ТПУ), Институт кибернетики (ИК) ; ред. кол. Е. А. Сикора [и др.].— , 2014
Т. 2.— 2014.— [С. 106-107]
Hovedforfatter: Азизова Г. Т.
Institution som forfatter: Национальный исследовательский Томский политехнический университет (ТПУ) Институт кибернетики (ИК) Кафедра автоматики и компьютерных систем (АИКС)
Andre forfattere: Вичугова А. А. Анна Александровна
Summary:Заглавие с титульного экрана
Sprog:russisk
Udgivet: 2014
Serier:Информационные технологии в производстве и управлении
Fag:
Online adgang:http://earchive.tpu.ru/handle/11683/20249
http://www.lib.tpu.ru/fulltext/c/2014/C04/V2/046.pdf
Format: MixedMaterials Electronisk Book Chapter
KOHA link:https://koha.lib.tpu.ru/cgi-bin/koha/opac-detail.pl?biblionumber=610811

MARC

LEADER 00000naa2a2200000 4500
001 610811
005 20231101132627.0
035 |a (RuTPU)RU\TPU\conf\8444 
035 |a RU\TPU\conf\8440 
090 |a 610811 
100 |a 20150205d2014 k y0rusy50 ca 
101 0 |a rus 
102 |a RU 
105 |a y z 101zy 
135 |a drgn ---uucaa 
181 0 |a i  
182 0 |a b 
200 1 |a Разработка контента корпоративного сайта кафедры  |f Г. Т. Азизова, А. А. Вичугова 
203 |a Текст  |c электронный 
225 1 |a Информационные технологии в производстве и управлении 
230 |a 1 компьютерный файл (pdf; 366 Kb) 
300 |a Заглавие с титульного экрана 
320 |a [Библиогр.: с. 107 (3 назв.)] 
337 |a Adobe Reader 
461 1 |0 (RuTPU)RU\TPU\conf\7802  |t Молодежь и современные информационные технологии  |o сборник трудов XII Всероссийской научно-практической конференции студентов, аспирантов и молодых ученых, г. Томск, 12-14 ноября 2014 г.  |o в 2 т.  |f Национальный исследовательский Томский политехнический университет (ТПУ), Институт кибернетики (ИК) ; ред. кол. Е. А. Сикора [и др.]  |d 2014 
463 0 |0 (RuTPU)RU\TPU\conf\7813  |t Т. 2  |v [С. 106-107]  |d 2014 
601 0 2 |2 stltpush  |3 (RuTPU)RU\TPU\col\18698  |a Национальный исследовательский Томский политехнический университет (ТПУ)  |b Институт кибернетики (ИК)  |b Кафедра автоматики и компьютерных систем (АИКС) 
610 1 |a труды учёных ТПУ 
610 1 |a электронный ресурс 
610 1 |a разработки 
610 1 |a контент 
610 1 |a корпоративные сайты 
610 1 |a информация 
610 1 |a сайты 
610 1 |a интернет-ресурсы 
700 1 |a Азизова  |b Г. Т. 
701 1 |a Вичугова  |b А. А.  |c специалист в области информатики и вычислительной техники  |c ассистент Томского политехнического университета  |f 1986-  |g Анна Александровна  |2 stltpush  |3 (RuTPU)RU\TPU\pers\28982 
712 0 2 |a Национальный исследовательский Томский политехнический университет (ТПУ)  |b Институт кибернетики (ИК)  |b Кафедра автоматики и компьютерных систем (АИКС)  |h 125  |2 stltpush  |3 (RuTPU)RU\TPU\col\18698 
801 2 |a RU  |b 63413507  |c 20210322  |g RCR 
856 4 |u http://earchive.tpu.ru/handle/11683/20249 
856 4 |u http://www.lib.tpu.ru/fulltext/c/2014/C04/V2/046.pdf 
942 |c BK